Watershed hydrology / (Record no. 14792)
[ view plain ]
| 000 -LEADER | |
|---|---|
| fixed length control field | 00320cam a2200133ua 4500 |
| 020 ## - INTERNATIONAL STANDARD BOOK NUMBER | |
| ISBN | 8180140563 |
| 082 ## - DEWEY DECIMAL CLASSIFICATION NUMBER | |
| Classification number | 551.48 |
| Item number | SUR/WA |
| 100 ## - MAIN ENTRY--AUTHOR NAME | |
| Personal name | Suresh, R . |
| 245 ## - TITLE STATEMENT | |
| Title | Watershed hydrology / |
| 250 ## - EDITION STATEMENT | |
| Edition statement | 2 |
| 260 ## - PUBLICATION, DISTRIBUTION, ETC. (IMPRINT) | |
| Place of publication | New Delhi : |
| Name of publisher | Standard publishers Distributors , |
| Year of publication | 2005 |
| 300 ## - PHYSICAL DESCRIPTION | |
| Number of Pages | 692p ; . |
| 942 ## - ADDED ENTRY ELEMENTS (KOHA) | |
| Koha item type | Books |
| Withdrawn status | Lost status | Damaged status | Home library | Current library | Shelving location | Date acquired | Cost, normal purchase price | Full call number | Accession Number | Koha item type | Collection code | Source of acquisition |
|---|---|---|---|---|---|---|---|---|---|---|---|---|
| KAUAET | KAUAET | Scheme | 25/03/2017 | 275.00 | 551.48 SUR/WA | BB 457 | Book Bank scheme for SC students | |||||
| KAUAET | KAUAET | General Stacks | 30/03/2017 | 795.00 | 551.48 SUR/WA | 25426 | Books | Vigyan Books, Delhi | ||||
| KAUAET | KAUAET | General Stacks | 30/03/2017 | 795.00 | 551.48 SUR/WA | 25427 | Books | Vigyan Books, Delhi | ||||
| KAUAET | KAUAET | Scheme | 24/11/2017 | 275.00 | 551.48 SUR/WA | BB 456 | Book Bank scheme for SC students |
